[Event "Scarborough CC-ch Reserves"]
[Site "Toronto"]
[Date "2012.04.26"]
[Round "6"]
[White "Gillis, Doug"]
[Black "Super, Russell"]
[Result "1-0"]
[WhiteElo "1649"]
[BlackElo "1397"]
[PlyCount "49"]
[EventDate "2012.03.22"]
[EventType "swiss"]
[EventRounds "9"]
[EventCountry "CAN"]
[SourceTitle "EXT 2022"]
[Source "ChessBase"]
[SourceDate "2021.10.06"]
[SourceVersion "1"]
[SourceVersionDate "2021.10.06"]
[SourceQuality "1"]

1. d4 Nf6 2. Nc3 g6 3. e4 d6 4. h3 Bg7 5. Nf3 0-0 6. Be3 Re8 7. Qd2 e5 8. 0-0-0 exd4 9. Nxd4 Nxe4 10. Nxe4 Rxe4 11. Be2 Bd7 12. Bf3 Re5 13. Bxb7 c6 14. Bxa8 Ra5 15. a3 c5 16. Ne2 Bxb2+ 17. Kxb2 Qb6+ 18. Ka2 Be6+ 19. Bd5 Nc6 20. Rb1 Bxd5+ 21. Qxd5 Nb4+ 22. Rxb4 Qxb4 23. Qb3 Qe4 24. Bh6 Qe8 25. Rb1 1-0

[Event "Scarborough CC Winter End U1800"]
[Site "Toronto"]
[Date "2012.03.01"]
[Round "3"]
[White "Super, Russell"]
[Black "Veecock, Carl"]
[Result "1/2-1/2"]
[WhiteElo "1427"]
[BlackElo "1361"]
[PlyCount "71"]
[EventDate "2012.02.16"]
[EventType "swiss"]
[EventRounds "5"]
[EventCountry "CAN"]
[SourceTitle "EXT 2022"]
[Source "ChessBase"]
[SourceDate "2021.10.06"]
[SourceVersion "1"]
[SourceVersionDate "2021.10.06"]
[SourceQuality "1"]

1. e4 c6 2. d4 d5 3. e5 e6 4. Nf3 Ne7 5. c3 Nd7 6. Be2 Ng6 7. 0-0 c5 8. b3 cxd4 9. cxd4 Be7 10. Nc3 0-0 11. Bb2 Nb6 12. Rc1 Bd7 13. Bd3 Nf4 14. Qd2 Nxd3 15. Qxd3 Rc8 16. Rc2 f5 17. Rfc1 Bg5 18. Nxg5 Qxg5 19. Ba3 Rf7 20. Nb5 Rxc2 21. Rxc2 Bxb5 22. Qxb5 Qd8 23. Qd3 Rc7 24. g3 Rxc2 25. Qxc2 Qc8 26. Qxc8+ Nxc8 27. Kf1 Kf7 28. Ke2 b5 29. Bb4 a6 30. Kd3 Na7 31. Ba3 Nc6 32. Kc3 g5 33. f3 h5 34. h3 Kg6 35. g4 h4 36. Bc5 1/2-1/2

[Event "Scarborough CC Frost U1800"]
[Site "Toronto"]
[Date "2012.01.19"]
[Round "3"]
[White "Super, Russell"]
[Black "Gillis, Doug"]
[Result "0-1"]
[WhiteElo "1401"]
[BlackElo "1637"]
[PlyCount "22"]
[EventDate "2012.01.05"]
[EventType "swiss"]
[EventRounds "6"]
[EventCountry "CAN"]
[SourceTitle "EXT 2022"]
[Source "ChessBase"]
[SourceDate "2021.10.06"]
[SourceVersion "1"]
[SourceVersionDate "2021.10.06"]
[SourceQuality "1"]

1. e4 e6 2. d4 d5 3. Nc3 dxe4 4. Nxe4 Qd5 5. Nc3 Bb4 6. a3 Bxc3+ 7. bxc3 Nf6 8. Nf3 0-0 9. Be2 b6 10. 0-0 Bb7 11. Ne5 Qxg2# 0-1

[Event "Scarborough CC Frost U1800"]
[Site "Toronto"]
[Date "2012.01.12"]
[Round "2"]
[White "Wang, Eric1111"]
[Black "Super, Russell"]
[Result "1-0"]
[WhiteElo "1618"]
[BlackElo "1401"]
[PlyCount "56"]
[EventDate "2012.01.05"]
[EventType "swiss"]
[EventRounds "6"]
[EventCountry "CAN"]
[SourceTitle "EXT 2022"]
[Source "ChessBase"]
[SourceDate "2021.10.06"]
[SourceVersion "1"]
[SourceVersionDate "2021.10.06"]
[SourceQuality "1"]

1. d4 Nf6 2. c4 g6 3. Nc3 d5 4. cxd5 Nxd5 5. e4 Nxc3 6. bxc3 Bg7 7. Bc4 0-0 8. Be3 c5 9. Ne2 Nd7 10. 0-0 Nf6 11. f3 a6 12. a4 Bd7 13. Rb1 Rb8 14. Bf4 Rc8 15. Qb3 cxd4 16. cxd4 Nh5 17. Be3 Qc7 18. Rfc1 Qb8 19. Qxb7 Qxb7 20. Rxb7 Bxa4 21. Rxe7 Bb5 22. Bxf7+ Kh8 23. Be6 Rxc1+ 24. Nxc1 Rd8 25. Nb3 Nf6 26. Ra7 Ne8 27. Bd5 Nd6 28. Nc5 Bc4 1-0

[Event "Scarborough CC Falling Leaves U1800"]
[Site "Toronto"]
[Date "2011.11.10"]
[Round "2"]
[White "Super, Russell"]
[Black "Guo, Tan"]
[Result "0-1"]
[WhiteElo "1423"]
[BlackElo "1634"]
[PlyCount "120"]
[EventDate "2011.11.03"]
[EventType "swiss"]
[EventRounds "7"]
[EventCountry "CAN"]
[SourceTitle "EXT 2022"]
[Source "ChessBase"]
[SourceDate "2021.10.06"]
[SourceVersion "1"]
[SourceVersionDate "2021.10.06"]
[SourceQuality "1"]

1. e4 d6 2. d4 Nf6 3. Nc3 g6 4. Bc4 Bg7 5. Nge2 0-0 6. 0-0 c6 7. h3 Qc7 8. a4 e5 9. dxe5 dxe5 10. Be3 Rd8 11. Bd3 Be6 12. Ng3 Nbd7 13. Qe2 Nf8 14. Rad1 Rd7 15. Rd2 Rad8 16. Rfd1 a6 17. b4 a5 18. b5 c5 19. Bc4 Bxc4 20. Qxc4 Ne6 21. Rxd7 Rxd7 22. Rxd7 Qxd7 23. Nge2 Nd4 24. Bxd4 cxd4 25. Nd5 Nxe4 26. Nc1 Nd6 27. Qd3 Qe6 28. Qb3 h6 29. Nd3 Ne4 30. b6 Nc3 31. Nxc3 Qxb3 32. cxb3 dxc3 33. Ne1 f5 34. Nc2 Kf7 35. b4 axb4 36. Nxb4 Ke6 37. a5 Bf8 38. a6 bxa6 39. b7 Bd6 40. Kf1 a5 41. Nc2 Kd7 42. Ke2 Kc7 43. Kd3 Bb4 44. Kc4 Kxb7 45. Kd5 e4 46. f3 Kb6 47. fxe4 fxe4 48. Kxe4 Kc5 49. Kd3 Kd5 50. Ne3+ Ke5 51. g3 g5 52. Nc2 h5 53. Ke3 Kf5 54. Kf3 Bc5 55. g4+ hxg4+ 56. hxg4+ Ke5 57. Ne1 Kd4 58. Ke2 Ke4 59. Nd3 Be3 60. Ne1 a4 0-1

[Event "Scarborough CC Falling Leaves U1800"]
[Site "Toronto"]
[Date "2011.11.03"]
[Round "1"]
[White "Radpey, Abdolreza"]
[Black "Super, Russell"]
[Result "1-0"]
[WhiteElo "1613"]
[BlackElo "1423"]
[PlyCount "75"]
[EventDate "2011.11.03"]
[EventType "swiss"]
[EventRounds "7"]
[EventCountry "CAN"]
[SourceTitle "EXT 2022"]
[Source "ChessBase"]
[SourceDate "2021.10.06"]
[SourceVersion "1"]
[SourceVersionDate "2021.10.06"]
[SourceQuality "1"]

1. c4 Nf6 2. d4 g6 3. Nc3 d5 4. cxd5 Nxd5 5. e4 Nxc3 6. bxc3 Bg7 7. Nf3 Nd7 8. Bb2 0-0 9. Bc4 c6 10. a4 Nf6 11. Qc2 Qc7 12. 0-0 Bg4 13. Ne5 Rad8 14. h3 Be6 15. Bxe6 fxe6 16. Qb3 Qc8 17. f3 c5 18. Ba3 Rfe8 19. Bxc5 b6 20. Ba3 Nh5 21. Nd3 Bh6 22. f4 Qc6 23. Ne5 Qc8 24. Bc1 Bg7 25. Rf3 Bxe5 26. fxe5 Rf8 27. Rxf8+ Rxf8 28. Bh6 Ng7 29. Rc1 Qe8 30. Bxg7 Kxg7 31. Qxe6 Rf7 32. Qc4 Rf4 33. d5 g5 34. Qd4 Qg6 35. Re1 h5 36. d6 exd6 37. exd6+ Kf7 38. d7 1-0

[Event "Scarborough CC Falling Leaves U1700"]
[Site "Toronto"]
[Date "2010.11.11"]
[Round "3"]
[White "Super, Russell"]
[Black "Moffat, Anthony"]
[Result "1-0"]
[WhiteElo "1457"]
[BlackElo "1308"]
[PlyCount "101"]
[EventDate "2010.10.28"]
[EventType "swiss"]
[EventRounds "7"]
[EventCountry "CAN"]
[SourceTitle "EXT 2022"]
[Source "ChessBase"]
[SourceDate "2021.10.06"]
[SourceVersion "1"]
[SourceVersionDate "2021.10.06"]
[SourceQuality "1"]

1. e4 c5 2. Nf3 d6 3. d4 cxd4 4. Nxd4 Nf6 5. Nc3 a6 6. Be2 e6 7. 0-0 Be7 8. Kh1 0-0 9. f4 Nbd7 10. Be3 b5 11. a3 Bb7 12. Bf3 d5 13. e5 Ne4 14. Nce2 Nec5 15. Ng3 Nb6 16. b3 Rc8 17. Qe1 Qc7 18. Bd2 f6 19. exf6 Bxf6 20. Nxe6 Nxe6 21. Qxe6+ Rf7 22. Ba5 Bd4 23. Rad1 Bc5 24. b4 Bd6 25. Bxd5 Bxd5 26. Rxd5 Qc6 27. Bxb6 Be7 28. Qxc6 Rxc6 29. Bc5 Re6 30. Bxe7 Rfxe7 31. h3 h6 32. Nf5 Rc7 33. Nd4 Re3 34. Rf3 Re1+ 35. Kh2 Rc4 36. Rd3 Re4 37. Kg3 h5 38. Kf3 Re1 39. Rd8+ Kh7 40. Ra8 Rf1+ 41. Kg3 h4+ 42. Kg4 Re1 43. Kxh4 Re4 44. Rd8 Rxf4+ 45. Kg3 Kh6 46. Kxf4 g5+ 47. Ke5 Rc7 48. g4 Re7+ 49. Kf6 Rg7 50. Rh8+ Rh7 51. Nf5# 1-0

[Event "Scarborough CC-ch Reserves op"]
[Site "Toronto"]
[Date "2010.04.22"]
[Round "9"]
[White "Farrant Diaz, Nathan"]
[Black "Super, Russell"]
[Result "1-0"]
[WhiteElo "1698"]
[BlackElo "1449"]
[PlyCount "69"]
[EventDate "2010.02.25"]
[EventType "swiss"]
[EventRounds "9"]
[EventCountry "CAN"]
[SourceTitle "EXT 2022"]
[Source "ChessBase"]
[SourceDate "2021.10.06"]
[SourceVersion "1"]
[SourceVersionDate "2021.10.06"]
[SourceQuality "1"]

1. e4 c5 2. Nf3 Nc6 3. d4 cxd4 4. Nxd4 Nf6 5. Nc3 g6 6. Be2 Bg7 7. 0-0 0-0 8. f4 d6 9. Be3 Bd7 10. h3 a6 11. Qd2 Rc8 12. a3 Qc7 13. f5 Ne5 14. Bg5 Nc4 15. Bxc4 Qxc4 16. Bxf6 Bxf6 17. Nde2 Qc5+ 18. Kh1 gxf5 19. Rac1 Rce8 20. exf5 Bg7 21. b4 Qe5 22. Qd5 Bc6 23. Qxe5 Bxe5 24. Rcd1 b5 25. Nd5 Rc8 26. Nxe7+ Kh8 27. Nxc8 Rxc8 28. f6 Rg8 29. Rf2 Rg6 30. Rdf1 Bb2 31. c3 a5 32. Nd4 Bxg2+ 33. Rxg2 Bxc3 34. Rxg6 hxg6 35. Nxb5 1-0

[Event "Scarborough CC Frost U1700"]
[Site "Toronto"]
[Date "2010.02.04"]
[Round "5"]
[White "Veecock, Carl"]
[Black "Super, Russell"]
[Result "0-1"]
[WhiteElo "1544"]
[BlackElo "1474"]
[PlyCount "120"]
[EventDate "2010.01.07"]
[EventType "swiss"]
[EventRounds "6"]
[EventCountry "CAN"]
[SourceTitle "EXT 2011"]
[Source "ChessBase"]
[SourceDate "2010.11.26"]
[SourceVersion "1"]
[SourceVersionDate "2010.11.26"]
[SourceQuality "1"]

1. Nf3 d5 2. g3 Nf6 3. Bg2 c5 4. 0-0 Nc6 5. c3 e6 6. d4 Qc7 7. Bf4 Bd6 8. Bxd6 Qxd6 9. Na3 a6 10. Nc2 0-0 11. dxc5 Qxc5 12. Ncd4 Bd7 13. Nxc6 Bxc6 14. Qd4 Qxd4 15. cxd4 Rac8 16. Rac1 Bb5 17. Rc3 Rxc3 18. bxc3 Rc8 19. Rc1 Ne4 20. c4 Rxc4 21. Rxc4 Bxc4 22. a3 Bxe2 23. Ne5 Nd6 24. f3 Nb5 25. Nd7 Nxa3 26. Kf2 Bb5 27. Nc5 b6 28. Nb7 Nc4 29. Bf1 Na3 30. Nd6 Bxf1 31. Kxf1 Kf8 32. Ke2 Nc4 33. Nc8 Ke8 34. Kd3 Kd8 35. Na7 Kc7 36. Kc3 Kb7 37. Nb5 axb5 38. Kb4 Kc6 39. h4 Kd6 40. Kxb5 e5 41. dxe5+ Kxe5 42. h5 Kd4 43. Kc6 Ke3 44. Kxd5 Kd3 45. f4 Kc3 46. Kc6 Kb4 47. g4 b5 48. f5 h6 49. Kd7 Kc5 50. Ke7 Ne5 51. f6 gxf6 52. Kxf6 Nxg4+ 53. Kxf7 b4 54. Kg6 b3 55. Kf5 b2 56. Kxg4 b1Q 57. Kh4 Kd4 58. Kg4 Ke4 59. Kh4 Kf3 60. Kh3 Qh1# 0-1